000 00898nam a2200253 a 4500
001 BRCA_1315
005 20190320203355.0
008 990112s1991 mx-a---##b---#000-0#spa-#
041 _aspa
044 _amx
050 4 _aNK6202
_b.A76 1991
100 1 _aArmella de Aspe, Virginia
_92324
245 1 0 _aEl arte en el cuero
_cVirginia Armella de Aspe, Teresa Castelló Yturbide.
260 _aMéxico
_bGrupo GUTSA
_c[1991]
300 _a190 p.
_bil. a color
_c29 cm.
500 _aIncluye glosario
500 _aIncluye piezas de la colección Franz Mayer: p. 53, 58, 61, 62, 67, 68, 72, 75, 85, 90, 96, 100, 117, 163, 164, 170 y 173
504 _aBibliografía: p. 176-187
650 1 4 _aTrabajos en cuero
_xHistoria
_zMéxico
_94303
650 1 4 _aMarroquinería
_zNueva España
_94304
650 1 4 _aMobiliario novohispano
_94305
700 1 _aCastelló Yturbide, Teresa
_92444
942 _2lcc
_cB
999 _c1179
_d1179